Also a Baby Name Blitz Quiz Stats

 Plays Quiz Updated Jun 22, 2018

Also try: 'Named' US Cities
Challenge
Share
Tweet
Embed
Score 0/18 Timer 02:30
10 Plays Today
Category Names % Correct
Months in EnglishJune, April, August
91.1%
SeasonsSummer, Autumn
89.9%
US President SurnamesCarter, Jackson, Taylor, Harrison...
78.2%
Playing Card RanksJack, King, Ace
74.6%
BirthstonesRuby
72.2%
NYC BoroughsBrooklyn
70.6%
US State CapitalsAustin, Phoenix, Trenton, Lincoln...
63.4%
World CapitalsSofia, London, Paris, Victoria
61.2%
Zodiac SignsLeo
60.9%
Category Names % Correct
UK Prime Minister SurnamesCameron, Blair, Eden, George...
52.8%
Three Letter Scrabble WordsAce, Eve, Joy, Ivy...
43.4%
NATO Code WordsCharlie, Victor, Sierra...
41.6%
Ivy League SchoolsPrinceton
34.3%
Countries of the WorldGeorgia, Israel, Jordan
33.8%
Months in SpanishJulio
33.1%
Crayola Crayon Colors in 64 PackScarlet, Violet
25.3%
Primetime Emmy Nominees for Outstanding Drama or ComedyDexter, Dallas, Hazel, Julia
9.5%
Best Picture Winners*Oliver, Rebecca
7%

You're not logged in!

Compare scores with friends on all Sporcle quizzes.
Join for Free
OR
Log In

You Might Also Like...

Show Comments

Extras

Top Quizzes Today


Score Distribution

Your Account Isn't Verified!

In order to create a playlist on Sporcle, you need to verify the email address you used during registration. Go to your Sporcle Settings to finish the process.

Report this User

Report this user for behavior that violates our Community Guidelines.

Details: